000 00588cam a2200205 4500
001 BIIH005794
008 1991 spa
020 _a968-6341-20-X
035 _aBIIH005794
050 4 _aF1301
_b.5 M34 1991
100 1 _aMcGowan, Gerald L.
245 3 _aEl Estado del Valle de México 1824-1917 /
_cGerald L. McGowan.
260 e l _c1991
300 _a101 p. ;
_c21 cm.
440 0 _aFuentes para la historia del Estado de México ; 2
500 _a3 ejemplares
504 _aIncluye bibliografía
650 4 _aGeografía histórica
942 _2lcc
_cLIB
999 _c86737
_d86737